000 00538nam a2200133Ia 4500
008 220615s9999||||xx |||||||||||||| ||und||
020 _a9782890000000
245 0 _aFrom Glycerol to Value-Added Products
546 _aEnglish[eng]
650 _aglycerol||green chemistry||catalysis||process||activation||added value bio-based products||electrochemical conversions
700 _aCognet, Patrick||Kheireddine Aroua, Mohamed
856 _uhttps://www.frontiersin.org/research-topics/8342/from-glycerol-to-value-added-products
942 _cEB
999 _c17012
_d17012